Das "carmen heroicum" und der Krieg: Martin Opitz’ "Ratispona in libertatem vindicata" (1633)
| Titel: | Das "carmen heroicum" und der Krieg: Martin Opitz’ "Ratispona in libertatem vindicata" (1633) / Dirk Werle |
|---|---|
| Verfasser: | |
| In: |
Daphnis, Band 47, Heft 1-2 (2019), Seite 238-254 alle Artikel anzeigen |
| Veröffentlicht: | 2019 |
| Format: | Aufsatz |
| Sprache: | Deutsch |
X
alg: 52221236
001A $03025:14-10-24
001B $03025:15-10-24 $t11:30:12.000
001D $03025:14-10-24
001U $0utf8
001X $00
002@ $0Oou
002C $aText $btxt $2rdacontent
002D $aComputermedien $bc $2rdamedia
002E $aOnline-Ressource $bcr $2rdacarrier
003@ $0522212360
007A $0522212360 $aHEB
009Q $uhttps://doi.org/10.1163/18796583-04701016 $xVolltext
010@ $ager
010E $erda
011@ $a2019
021A $aDas @"carmen heroicum" und der Krieg: Martin Opitz’ "Ratispona in libertatem vindicata" (1633) $hDirk Werle
028A $BVerfasser $#Werle, D. $#Werle-Schneidereit, Dirk $#Werle-Schneidereit, D. $#Schneidereit, Dirk Werle- $#Schneidereit, D. Werle- $4aut $71044770910 $8Werle, Dirk$Z1975- [Tp1] $9334203236
031A $d47 $e1-2 $h238-254 $j2019
039B $aEnthalten in $8--Obvc--. Daphnis. - Leiden {[u.a.] : Brill Rodopi, 1978-. - Online-Ressource. - ISSN 1879-6583 $x201900000470001762 $9079276997
044K $ROpitz, Sebastian $RRothmann, Martha $#Opitz von Boberfeld, Martin $#Boberfeld, Martin Opitz von $#Opiz von Boberfeld, Martin $#Boberfeld, Martinus Opitius von $#Opitz, Martinus $#Opitz, Márton $#Opitzen, Martin $#Opitzen, Martinus $#Opiz, Martin $#Opitius, Martin $#Opitius, Mart. $#Opitzius, Martinus $#Opotius, Martinus $#Opizen von Boberfeld, Martin $#Oberfeld, Martin Opitz von $#Opic, Martin $#Opitius $#Opitz $#Opiz $#Opizen von Boberfeld $#M. O. V. B. $#O. V. B., M. $#B. M. V. O. $#M. O. Y. B. $#Opitius, Martinus $#Opicius, Martinus $#Theocritus, Valentin $#Der Gekrönte $#Gekrönte, Der $#O. V. B., M. $7118590111 $8Opitz, Martin$Z1597-1639 [Tp1] $9086931105
044K $#Řezno $#Ratyzbona $#Reichs-Stadt Regensburg $#Ratisbona $#Stadt Regensburg $#Ratisbonne $#Regenspurg $#Ratispona $#Castra Regina $#Colonia Tiberia Augusta $#Imbripolis $#Reipublica Ratisponensis $#S.R.I. Reipublica Ratisponensis $74048989-9 $8Regensburg [Tgz] $9085136506
044K $RKrieg $#Thirty Years' War, 1618-1648 $#Guerre de Trente Ans (1618-1648) $#Guerra dei trent'anni <1618-1648> $#Guerra de los Treinta Años, 1618-1648 $#Dreißigjähriger Krieg $74012985-8 $8Dreißigjähriger Krieg [Ts1] $908502841X
044K $RLiteratur $RDas @Lyrische $#Poetry $#Poetry History and criticism $#Lyric poetry $#Poésie $#Poésie lyrique $#Poesia lirica $#Poesía $#Poesía lírica $#Gedicht Lyrik $#Poem Lyrik $#Dichtung Lyrik $#Poesie $#Lyrisches Werk $#Lyrikwerk $#Gedichtwerk $74036774-5 $8Lyrik [Tsz] $9085099805
044K $RLiteratur $RHeld $RHeldensage $#Epic poetry $#Epic poetry History and criticism $#Épopées $#Poesía épica rusa $#Heroische Dichtung $74159486-1 $8Heldendichtung [Ts1] $9085693499
044K $RPreisgedicht $RLaudatio $#Laudatory poetry $#Panégyriques $#Lobrede Panegyrikus $#Panegyrik $#Schmeichelrede $#Panegyrikos $#Panegyricus $74129073-2 $8Panegyrikus [Ts1] $908545074X
045F $a809 $eDDC23BSB
045F/01 $a809
045F/03 $f09032
045F/03 $g43
045R $aGeschichte 1633
045T $a7,20
045T $aAVL $qDE-30 $2FID
045T $aGER $qDE-30 $2FID
lok: 52221236 78
exp: 52221236 78 1 #EPN
201B/01 $014-10-24 $t15:29:46.000
201C/01 $014-10-24
201U/01 $0utf8
203@/01 $01277958807
208@/01 $a14-10-24 $be
209A/01 $a/ $f000 $x00
209A/01 $ab*p $x01
209A/01 $aEnglische Zusammenfassung, S. 238: The "carmen heroicum" and the War. Martin Opitz’s "Ratispona in libertatem vindicata" (1633) $x03
209B/01 $a3 $x05
220C/01 $apgar
244Z/01 $#Schlesien $#Schlesien $#Herzogtum Schlesien $#Herzogtum Schlesien Schlesien $#Provinz Schlesien $#Śla̜sk $#Slezsko $#Silesia $74052678-1 $8--Tg1--Schlesien $x02 $9085146781
247C/01 $82080>Marburg/Lahn, Herder-Institut, Forschungsbibliothek, Bibliographieportal $9336309341
| LEADER | 00000caa a2200000 c 4500 | ||
|---|---|---|---|
| 001 | 522212360 | ||
| 003 | DE-603 | ||
| 005 | 20241015113012.0 | ||
| 007 | cr|||||||||||| | ||
| 008 | 241014s2019 xx |||| o| u00||u|ger c | ||
| 035 | |a (DE-599)HEB522212360 | ||
| 040 | |a DE-603 |b ger |c DE-603 |d DE-603 |e rda | ||
| 041 | |a ger | ||
| 082 | 0 | 4 | |8 1\u |a 809 |q DE-101 |2 23/BSB |
| 084 | |a 7,20 |2 ssgn | ||
| 084 | |a AVL |q DE-30 |2 fid | ||
| 084 | |a GER |q DE-30 |2 fid | ||
| 085 | |8 1\u |b 809 | ||
| 085 | |8 1\u |z 1 |s 09032 | ||
| 085 | |8 1\u |z 2 |s 43 | ||
| 100 | 1 | |a Werle, Dirk |d 1975- |e Verfasser |4 aut |0 (DE-603)334203236 |0 (DE-588)1044770910 |2 gnd | |
| 245 | 0 | 0 | |a Das "carmen heroicum" und der Krieg: Martin Opitz’ "Ratispona in libertatem vindicata" (1633) |c Dirk Werle |
| 264 | 0 | |c 2019 | |
| 336 | |a Text |b txt |2 rdacontent | ||
| 337 | |a Computermedien |b c |2 rdamedia | ||
| 338 | |a Online-Ressource |b cr |2 rdacarrier | ||
| 600 | 1 | 7 | |a Opitz, Martin |d 1597-1639 |0 (DE-588)118590111 |0 (DE-603)086931105 |2 gnd |
| 648 | 7 | |a Geschichte 1633 |2 gnd | |
| 650 | 7 | |a Dreißigjähriger Krieg |0 (DE-588)4012985-8 |0 (DE-603)08502841X |2 gnd | |
| 650 | 7 | |a Lyrik |0 (DE-588)4036774-5 |0 (DE-603)085099805 |2 gnd | |
| 650 | 7 | |a Heldendichtung |0 (DE-588)4159486-1 |0 (DE-603)085693499 |2 gnd | |
| 650 | 7 | |a Panegyrikus |0 (DE-588)4129073-2 |0 (DE-603)08545074X |2 gnd | |
| 651 | 7 | |a Regensburg |0 (DE-588)4048989-9 |0 (DE-603)085136506 |2 gnd | |
| 773 | 0 | 8 | |i Enthalten in |t Daphnis |d Leiden [u.a.] : Brill Rodopi, 1978- |h Online-Ressource |x 1879-6583 |g Band 47, Heft 1-2 (2019), Seite 238-254 |w (DE-603)079276997 |w (DE-600)1481780-9 |
| 856 | |u https://doi.org/10.1163/18796583-04701016 | ||
| 924 | 1 | |9 2080 |a (DE-603)1277958807 |b DE-2080 |c HES |d d |g / | |


